Szczegóły MARC21

Skladnì vipadki nagološennâ : slovnik-dovìdnik /

003 -Nazwa inst., której nr kontr. jest w polu 001 [,]
    • @
    • Nazwa instytucji, której n kontrolny jest w polu 001
    • NUKAT
005 -DATA I CZAS OSTATNIEJ MODYFIKACJI [,]
    • @
    • pole kontrolne
    • 20241231105808.0
020 -Międzynarod. znormalizowany nr książki - ISBN [ , ]
    • a
    • Numer ISBN
    • 5325006975 Find
040 -Instytucja sporządzająca opis [ , ]
    • a
    • Instytucja, która sporządziła opis (NP)
    • WA U/JS
    • c
    • Instytucja, która sporządziła rekord (NP)
    • WA U/JS
    • d
    • Instytucja, która zmodyfikowała rekord (P)
    • WA U/EBA
    • d
    • Instytucja, która zmodyfikowała rekord (P)
    • WA U/JKs
    • d
    • Instytucja, która zmodyfikowała rekord (P)
    • KR U/21MgM
942 -Rodzaj dokumentu [ , ]
    • c
    • Rodzaj dokumentu
    • Książka
100 -Hasło główne - nazwa osobowa [1, ]
    • a
    • Nazwa osobowa (NP)
    • Golovaŝuk, Sergìj Ìvanovič
    • d
    • Daty biograficzne (NP)
    • (1922- ).
    • 9
    • KHW
    • 492554
245 -Strefa tytułu i oznaczenia odpowiedzialności [1,0]
    • a
    • Tytuł
    • Skladnì vipadki nagološennâ : Find
    • b
    • Ciąg dalszy tytułu (NP)
    • slovnik-dovìdnik / Find
    • c
    • Pozostałe elementy strefy tytułu i oznaczenia odpowiedzialności (NP)
    • S. Ì. Golovaŝuk.
260 -Strefa adresu wydawniczego [ , ]
    • a
    • Miejsce wydania (P)
    • Kiïv :
    • b
    • Nazwa wydawcy (P)
    • Libìd',
    • c
    • Data wydania (P)
    • 1995.
300 -Strefa opisu fizycznego [ , ]
    • a
    • Określenie formy książki i/lub objętość (NP)
    • 191 s. ;
    • c
    • Format (NP)
    • 21 cm.
336 -Typ zawartości [ , ]
    • a
    • Termin opisujący typ zawartości
    • Tekst
    • b
    • Kod określający zawartość
    • txt
    • 2
    • Źródło (terminu i kodu)
    • rdacontent
337 -Typ mediów [ , ]
    • a
    • Tryb odtwarzania
    • Bez urządzenia pośredniczącego
    • b
    • Kod typu mediów
    • n
    • 2
    • Źródło (terminu i kodu)
    • rdamedia
338 -Typ/rodzaj nośnika [ , ]
    • a
    • Hasło opisujące typ nośnika
    • Wolumin
    • b
    • Kod typu nośnika
    • nc
    • 2
    • Źródło (terminu i kodu)
    • rdacarrier
500 -Uwaga ogólna [ , ]
    • a
    • Uwaga ogólna (NP)
    • Na okł. podtyt.: Slova z ruhomim abo podvìjnim nagolosom; slova, nagološennâ âkich pov'âzane z ïhn'oû semantikoû; slova, vìdpovìdniki âkich u rosìjs'kij movì maût' vìdmìnne nagološennâ; slova v nagološennì âkich najčastìše pripuskaût'sâ pomilki.
546 -Uwaga dot. języka [ , ]
    • b
    • Uwaga dot. alfabetu
    • Alfabet cyryl.
080 -Uniwersalna Klasyfikacja Dziesiętna [ , ]
    • a
    • Symbol klasyfikacji
    • 811.161.2'374
    • 2
    • Identyfikator wydania tablic
    • UDC-P058
    • 9
    • UKD
    • 40832
    • b
    • Dopowiedzenie
    • Język ukraiński. - Słowniki języka ukraińskiego.
    • 4
    • UKD2
    • 8434
    • x
    • Poddział wspólny
    • =161.2
    • c
    • Dopowiedzenie poddz. wspólnego
    • =Język ukraiński.
650 -Hasło przedmiotowe [ ,7]
    • a
    • Hasło przedmiotowe
    • Język ukraiński
    • v
    • Określnik formalny
    • słowniki.
    • 2
    • Źródło terminu
    • kaba
    • 9
    • KHW
    • 365254
980 -Symbol UKD [ , ]
    • a
    • UKD
    • 811.161.2'374=161.2
920 -ISBN [ , ]
    • a
    • ISBN
    • 5-325-00697-5 Find
Sygnatura Numer inwentarzowy Status udost. Data inwentaryzacji Lokalizacja
UKR. Słow. jęz. ukraińskiego 07P.1354311997-06-13BM